مكتبة جامعة عجلون الوطنية

فهرس بحث المكتبة

Normal view MARC view
  • الدراسات القرآنية- الفكر الاسلامي- علم الاجتماع

Entry Topical Term

Number of records used in: 1

001 - CONTROL NUMBER

  • control field: 52370

003 - CONTROL NUMBER IDENTIFIER

  • control field: JO-AjAnu

005 - DATE AND TIME OF LATEST TRANSACTION

  • control field: 20230606082617.0

008 - FIXED-LENGTH DATA ELEMENTS

  • fixed length control field: 230606|| aca||aabn | a|a d

040 ## - CATALOGING SOURCE

  • Original cataloging agency: JO-AjAnu
  • Transcribing agency: JO-AjAnu

150 ## - HEADING--TOPICAL TERM

  • Topical term or geographic name entry element: الدراسات القرآنية- الفكر الاسلامي- علم الاجتماع

670 ## - SOURCE DATA FOUND

  • Source citation: Work cat.: (JO-AjAnu)26762: العلواني، مصطفى جابر فياض, author 52369, عالمية الخطاب القرآني : دراسة تحليلية في السور المسبحات الخمس